[Event "Casma U2100 2nd"]
[Site "Casma"]
[Date "2017.02.04"]
[Round "5.4"]
[White "Risco Alarcon, Julio"]
[Black "Frias, Marco"]
[Result "1/2-1/2"]
[WhiteElo "1959"]
[BlackElo "2096"]
[PlyCount "111"]
[EventDate "2017.02.03"]
[EventType "swiss"]
[EventRounds "7"]
[EventCountry "PER"]
[SourceTitle "EXT 2024"]
[Source "ChessBase"]
[SourceDate "2023.10.10"]
[SourceVersion "1"]
[SourceVersionDate "2023.10.10"]
[SourceQuality "1"]

1. Nf3 d5 2. d4 Nf6 3. e3 e6 4. c4 b6 5. Nc3 Be7 6. Bd3 Bb7 7. 0-0 0-0 8. b3 c5 9. Bb2 Nc6 10. dxc5 bxc5 11. cxd5 exd5 12. Rc1 Nb4 13. Be2 Rc8 14. a3 Na6 15. Na4 Ne4 16. Bd3 Qa5 17. Bxe4 dxe4 18. Nd2 f5 19. Nc4 Qd8 20. Qe2 Qd7 21. Rfd1 Qe6 22. Be5 Rfd8 23. Qb2 Bf8 24. Nc3 Nc7 25. Rxd8 Rxd8 26. Bxc7 Rd3 27. Ne5 Be7 28. Nxd3 exd3 29. Bg3 h5 30. Na4 Qd5 31. f3 h4 32. Be1 h3 33. Nc3 Qe6 34. e4 hxg2 35. Qxg2 Bf6 36. Kh1 Bd4 37. Nd5 Bxd5 38. exd5 Qxd5 39. Bf2 d2 40. Rd1 Bc3 41. f4 Qxb3 42. Qf3 c4 43. Qd5+ Kh8 44. Rg1 Qc2 45. Be3 Kh7 46. Qf3 Qd3 47. Qh5+ Kg8 48. Qe8+ Kh7 49. Qh5+ Kg8 50. Qf3 Bf6 51. Qa8+ Kh7 52. Qf3 c3 53. Qh5+ Kg8 54. Qe8+ Kh7 55. Qg6+ Kg8 56. Qe8+ 1/2-1/2

[Event "Piura op"]
[Site "Piura"]
[Date "2013.??.??"]
[Round "2"]
[White "Frias, Marco"]
[Black "Saavedra, Moises"]
[Result "1/2-1/2"]
[WhiteElo "2077"]
[BlackElo "2082"]
[PlyCount "35"]
[EventDate "2013.08.12"]
[EventType "swiss"]
[EventRounds "8"]
[EventCountry "PER"]
[SourceTitle "CBM 155 Extra"]
[Source "ChessBase"]
[SourceDate "2013.08.26"]
[SourceVersion "1"]
[SourceVersionDate "2013.08.26"]
[SourceQuality "1"]

1. e4 c5 2. c3 e6 3. d4 d5 4. exd5 exd5 5. Nf3 Nc6 6. h3 Bd6 7. Bd3 Nge7 8. 0-0 h6 9. dxc5 Bxc5 10. Nbd2 0-0 11. Nb3 Bb6 12. Bf4 Be6 13. Qe2 Bc7 14. Ne5 Nxe5 15. Bxe5 Bxe5 16. Qxe5 Nc6 17. Qf4 Qg5 18. Qxg5 1/2-1/2

[Event "Tarapoto 1st"]
[Site "Tarapoto"]
[Date "2012.08.11"]
[Round "3.3"]
[White "Frias, Marco"]
[Black "Escalante Ramirez, Brian Sebastian"]
[Result "1-0"]
[WhiteElo "2071"]
[BlackElo "1823"]
[PlyCount "125"]
[EventDate "2012.08.10"]
[EventType "swiss"]
[EventRounds "7"]
[EventCountry "PER"]
[SourceTitle "EXT 2024"]
[Source "ChessBase"]
[SourceDate "2023.10.10"]
[SourceVersion "1"]
[SourceVersionDate "2023.10.10"]
[SourceQuality "1"]

1. a3 d5 2. Nf3 Nf6 3. g3 b6 4. Bg2 Bb7 5. d4 e6 6. 0-0 Nbd7 7. c4 Be7 8. Nc3 0-0 9. Ne5 c5 10. Nxd7 Qxd7 11. dxc5 bxc5 12. cxd5 exd5 13. Bf4 d4 14. Bxb7 Qxb7 15. Na4 Nd5 16. Bd2 Rfd8 17. Qc2 Rac8 18. b3 Nb6 19. Nb2 Bf6 20. Rab1 h5 21. h4 Qd5 22. Rfc1 Qe6 23. Ba5 Re8 24. Re1 Qg4 25. Qd3 Bxh4 26. Bxb6 axb6 27. Nc4 Re6 28. Qf3 Qxf3 29. exf3 Bd8 30. Rxe6 fxe6 31. Re1 Rc6 32. a4 Bf6 33. f4 Kf7 34. Kg2 g6 35. Kf3 Ke7 36. Ke4 Kd7 37. Kd3 Kc7 38. f3 Kb7 39. g4 Ka6 40. Na3 Ka5 41. Kc4 hxg4 42. fxg4 Bh4 43. Rh1 g5 44. fxg5 Bxg5 45. Rh7 b5+ 46. axb5 Rc8 47. Ra7+ Kb6 48. Ra6+ Kb7 49. Rxe6 Rd8 50. Kd3 Rf8 51. Nc4 Rf3+ 52. Ke4 Rf4+ 53. Kd5 d3 54. Na5+ Kc8 55. b6 d2 56. b7+ Kc7 57. Rc6+ Kd7 58. Rd6+ Kc7 59. Kxc5 Be7 60. b8Q+ Kxb8 61. Nc6+ Kc7 62. Nxe7 Rxg4 63. Rxd2 1-0

[Event "Sullana Binacional op"]
[Site "Sullana"]
[Date "2012.05.05"]
[Round "5"]
[White "Leiva Rodriguez, Jeammarco Giuseppe"]
[Black "Frias, Marco"]
[Result "0-1"]
[WhiteElo "2232"]
[BlackElo "1957"]
[PlyCount "72"]
[EventDate "2012.05.04"]
[EventType "swiss"]
[EventRounds "7"]
[EventCountry "PER"]
[SourceTitle "EXT 2013"]
[Source "ChessBase"]
[SourceDate "2012.11.22"]
[SourceVersion "1"]
[SourceVersionDate "2012.11.22"]
[SourceQuality "1"]

1. d4 d5 2. Nf3 Nf6 3. c4 c6 4. Qc2 Nbd7 5. g3 e6 6. Bg2 Bb4+ 7. Nbd2 Ne4 8. a3 Nxd2 9. Nxd2 Be7 10. b3 0-0 11. Bb2 f5 12. e3 Nf6 13. 0-0 Ne4 14. Nxe4 fxe4 15. f3 exf3 16. Bxf3 Bd7 17. e4 Be8 18. Bg4 Qd6 19. Qe2 Rxf1+ 20. Rxf1 Bf7 21. Rf2 Bg5 22. Kg2 Re8 23. Bh5 g6 24. Bg4 h5 25. Bh3 Bh6 26. c5 Qe7 27. Rf1 dxe4 28. Qxe4 e5 29. Rxf7 Qxf7 30. dxe5 Rf8 31. Kh1 Qf3+ 32. Qxf3 Rxf3 33. b4 g5 34. Be6+ Kf8 35. Kg2 g4 36. Bc8 Be3 0-1

[Event "Cajamarca Reg Norte op"]
[Site "Cajamarca"]
[Date "2012.04.06"]
[Round "4"]
[White "Frias, Marco"]
[Black "Casusol, Cecilia"]
[Result "1-0"]
[WhiteElo "1957"]
[BlackElo "2020"]
[PlyCount "132"]
[EventDate "2012.04.05"]
[EventType "swiss"]
[EventRounds "6"]
[EventCountry "PER"]
[SourceTitle "EXT 2013"]
[Source "ChessBase"]
[SourceDate "2012.11.22"]
[SourceVersion "1"]
[SourceVersionDate "2012.11.22"]
[SourceQuality "1"]

1. e4 c5 2. c3 d5 3. exd5 Qxd5 4. d4 cxd4 5. cxd4 Nc6 6. Nf3 Bg4 7. Be2 e6 8. h3 Bh5 9. 0-0 Nf6 10. Nc3 Qd7 11. Be3 Be7 12. Qb3 0-0 13. Rfd1 Na5 14. Qc2 Bg6 15. Bd3 Bxd3 16. Rxd3 Nd5 17. Ne5 Qc7 18. Qe2 Nxe3 19. Rxe3 Bf6 20. d5 Bxe5 21. Rxe5 Nc4 22. Rg5 Rae8 23. Rd1 f6 24. Rh5 Ne5 25. d6 Qf7 26. Rh4 Rd8 27. Rhd4 Rd7 28. f4 Nc6 29. R4d2 Rfd8 30. Ne4 b6 31. Rc1 Nb4 32. a3 Nd5 33. Qf3 h6 34. f5 exf5 35. Qxf5 Ne3 36. Qf3 Nc4 37. Nxf6+ gxf6 38. Qg4+ Kh8 39. Rxc4 Rxd6 40. Rxd6 Rxd6 41. Qf4 Qf8 42. Rc7 a6 43. Kh2 Rd8 44. Rc6 Kg7 45. Rxb6 Ra8 46. Rb7+ Kh8 47. Rd7 Rd8 48. Rxd8 Qxd8 49. Qxh6+ Kg8 50. Qg6+ Kf8 51. Qh6+ Kg8 52. Qf4 Qe7 53. b4 Kg7 54. h4 Qf7 55. Kh3 Kh7 56. Qf5+ Kg7 57. h5 Qb3+ 58. g3 Qf7 59. Qg6+ Qxg6 60. hxg6 Kxg6 61. a4 Kf5 62. b5 axb5 63. axb5 Ke6 64. Kg4 Kd6 65. Kf5 Kc5 66. Kxf6 Kxb5 1-0